00601nam a2200157Ia 4500008004100000100002300041245004600064245010200110260003900212260000900251650001800260650001500278856005800293999001900351952007300370170221s9999 xx 000 0 und d aKimberly K. Arcand aProcessing Color in Astronomical Imagery  cKimberly K. Arcand, Megan Watzke, Travis Rector, Zoltan G. Levay, Joseph DePasquale, Olivia Smarr bStudies in Media and Communication c2016 xCommunication xMedia Arts uhttp://redfame.com/journal/index.php/smc/issue/view/7 c309168d309168 001040aCLbCLd2017-02-21l0r2017-02-21 00:00:00w2017-02-21yFOJ